| 000 | 00595nam a22002177a 4500 | ||
|---|---|---|---|
| 003 | OSt | ||
| 005 | 20180326135202.0 | ||
| 008 | 180326b xxu||||| |||| 00| 0 eng d | ||
| 020 | _a9780323029483 | ||
| 040 | _cDNLM | ||
| 082 | _aWB460 T933g 2012 | ||
| 100 |
_aGuccione, Andrew A.; Wong, Rita A.; Avers, Dale _912582 |
||
| 245 | _aGariatric Physical Therapy | ||
| 250 | _a3rd Ed. | ||
| 260 | _aMissouri; Elsevier, 2012 | ||
| 300 | _axiii,611p; ill: 28cm | ||
| 504 | _aReferences, & index included | ||
| 650 |
_aPhysical Therapy _92407 |
||
| 650 |
_aGeriatric _912583 |
||
| 942 |
_2z _cO_SHELF |
||
| 999 |
_c6079 _d6079 |
||